Capital cities with penultimate letter O - Statistics

General Stats
  • This quiz has been taken 30 times
    21 since last reset
  • The average score is 8 of 11
Answer Stats
Answer % Correct
London
100%
Lisbon
90%
Moscow
90%
Washington
90%
Kingston
80%
Bangkok
75%
Wellington
75%
Hanoi
55%
San Salvador
55%
Asuncion
45%
Ouagadougou
45%
No matching quizzes found
Score Distribution
Percent of People with Each Score
Percentile by Number Answered
Your Score History
You have not taken this quiz since the last reset